000 00289nam a22001337a 4500
008 170627b xxu||||| |||| 00| 0 eng d
020 _a0070471371
041 _aeng
080 _a82
100 _a21
101 _aGJL
245 _aAMERICAN EXPRESSIONS
_cCOSTELLO, R.B
942 _2udc
_cBK
999 _c19234
_d19234